000 00276nam a2200109Ia 4500
008 190919s9999||||xx |||||||||||||| ||und||
100 _aElaine P.Congress
245 0 _aSocial Work Values and Ethics
260 _aNew Jersey
_bNelson Hall
_c2002
300 _a150
942 _cBK
999 _c11308
_d11308